000 07345 a2200649 4500
010 _aENG-89660 B-423773-775
020 _a0415445558
_c695.00
035 _aEN-73193
035 _aB-272503-528
035 _aB-423773-775
037 _bDBAD / PUB
037 _bAllied Publishers
037 _bAakar/I-104/2.6.08/32/16.5.08/11.6.08
082 _a301.153
100 _aGhosh, Sudhir
_932443
245 _aGandhi's emissary/
_cby Sudhir Ghosh with a new introduction by Mridula Mukherjee
260 _aNew Delhi
_bRoutledge
_c2008
270 _a912, Tolstoy House, 15-17 Tolstoy Marg
_bNew Delhi
_e110 001
300 _axxxiii, 311p.
_c22 cm ( Hb.)
500 _aIncludes index.
700 _aMukherjee, Mridula
_9946
942 _adpl
_cEN
_2ddc
_h301.153
_m GHO
999 _c11115
_d11115